00882nam a22002417a 4500003000400000005001700004008004100021020001800062040000800080041001200088082001700100100003900117245008200156260006400238300004400302504006500346650004900411651004700460651005100507700002700558700002800585700002700613OSt20251223162036.0251223b |||||||| |||| 00| 0 eng d a9786162150340 cDCL aEnglish a959.704335931 a Ruth, Richard A. (Richard Alfred)10aIn Buddha's company : bThai soldiers in the Vietnam War / cRichard A. Ruth. aYangon : bUniversities Historical Research Centre, c2003. ax, 275 pages :billustrations ;c23 cm. aIncludes bibliographical references (p. [263]-268) and index aVietnam War, 1961-1975 xParticipation, Thai aThailand. Kō̜ngthap Bok xMilitary life aThailand xPolitics and government z1945-19880 aThaw Kaungetranslator0 aNi Ni Myintetranslator0 aTun Aung Chaineeditor